TFT Set 13 - Into the Arcane - Statistiques

Statistiques générales
  • Ce quiz a été pris 291 fois
  • Le résultat moyen est 55 sur 100
Statistiques - réponses
% Correct
Vi
94%
Jinx
88%
Caitlyn
84%
Mel
84%
Ekko
83%
Powder
83%
Jayce
80%
Violet
80%
Ambessa
79%
Silco
78%
Vander
77%
Viktor
77%
Warwick
75%
Heimerdinger
74%
Famille
72%
Kog'Maw
72%
LeBlanc
71%
Maddie
71%
Sevika
71%
Darius
69%
Elise
67%
Lux
67%
Swain
67%
Sniper
66%
Loris
64%
Rebelle
64%
Sorcier
64%
Vladimir
64%
Zeri
64%
Garen
63%
Ezreal
62%
Singed
62%
Morgana
61%
Rose Noire
61%
Urgot
61%
Académie
60%
Conquérant
60%
Draven
60%
Mordekaiser
60%
Pacifieur
60%
Twisted Fate
60%
Amumu
59%
Bagarreur
59%
Feu Volant
59%
Camille
58%
Nocturne
57%
Tristana
57%
Twitch
57%
Zyra
57%
Baron de la Chimie
56%
Blitzcrank
56%
Combattant d'arène
56%
Dr. Mundo
56%
Gangplank
56%
Sentinelle
56%
Automate
55%
Nami
55%
Akali
54%
Vex
54%
Expérimentation
53%
Illaoi
53%
Leona
53%
Rell
53%
Smeech
53%
Trundle
53%
Visionnaire
53%
Cassiopeia
52%
Malzahar
52%
Renata Glasc
52%
Steb
52%
Veilleur
52%
Ferrailleur
51%
Rumble
51%
Sett
51%
Dominateur
50%
Irelia
50%
Scar
50%
Zoé
50%
Embuscade
49%
Émissaire
49%
Renni
49%
Artilleur
47%
Assaillant
47%
Corki
47%
Ziggs
47%
Transformation
42%
Nunu & Willump
34%
Sœurs
26%
Trahison
19%
Mage Exilée
15%
Flambeuse
14%
Génies
12%
Roi des Recycleurs
12%
Héraut des Machines
11%
Traqueur Sanguinaire
11%
Ce qui aurait pu être
10%
Duo Improbable
10%
Loi Martiale
10%
Menaces
8%
Réunion
7%
Aucun quiz correspondant
Distribution des résultats
% des personnes avec chaque résultat
Percentile par nombre de réponses
Votre historique - résultats
Vous n’avez pas pris ce quiz